| 000 | 00732nam a2200229 4500 | ||
|---|---|---|---|
| 003 | DO-SdBNP | ||
| 005 | 20180223102045.0 | ||
| 008 | 161031b1963 sp||||| |||| 00| 0 spa d | ||
| 040 |
_aBPMSU _bspa _cBPMSU |
||
| 041 |
_aspa _heng |
||
| 100 | _aHolmberg, Ake | ||
| 245 | 1 | 0 |
_aTeban Sventon detective privado / _cAke Holmberg ; traducción de Mariano Orta Manzano ; ilustraciones de José Correas. |
| 260 |
_aBarcelona : _bJuventud , _c1963. |
||
| 300 |
_a126 p. : _bil. ; _c21 cm |
||
| 490 | 1 |
_aTeban Sventon _v14 |
|
| 700 | 1 | 2 |
_aOrta Manzano, Rafael, _etr. |
| 700 | 1 | 2 |
_aCorreas, José, _eil. |
| 830 | 0 |
_aTeban Sventon _v14 |
|
| 942 |
_2ddc _cBK |
||
| 945 | _aInventariado, 2018 /LP | ||
| 956 |
_aLOPEREZ _b10 _c20161031 _hBPMSU |
||
| 999 |
_c11727 _d11727 |
||